| 000 | 01044nam a2200289 i 4500 | ||
|---|---|---|---|
| 001 | 133635 | ||
| 003 | ES-MaACL | ||
| 005 | 20250825062642.0 | ||
| 007 | t| | ||
| 008 | 070823q1972 ne c |||| | mul d | ||
| 080 | _a75:069(492.62) Rijksmuseum | ||
| 110 | 2 |
_aRijksmuseum (Amsterdam) _96450 _eisb |
|
| 245 | 1 | 0 |
_a100 Hollandse schilderijen = _bDutch paintings = Tableaux hollandais = Hollèandische Gemèalde. |
| 246 | 1 | _aDutch paintings | |
| 246 | 1 | _aTableaux hollandais | |
| 246 | 1 | _aHollèandische Gemèalde | |
| 260 |
_aAmsterdam : _bRijksmuseum, _c[ca. 1972] |
||
| 300 |
_a100 páginas : _bprincipalmente ilustraciones ; _c23 cm. |
||
| 546 | _aTexto en holandés, inglés, francés y alemán | ||
| 610 | 2 | 4 |
_aRijksmuseum (Amsterdam) _96450 |
| 650 | 7 |
_aPintura holandesa _2embne _9159995 |
|
| 655 | 7 |
_2tgfbne _aLibros ilustrados _9193653 |
|
| 852 | 4 |
_aES-MaACL _jE-12007 _cDEPO2 _hBiblioteca Jacinto Martínez Lacalle |
|
| 942 |
_2udc _cMONOGRAFIA _n0 |
||
| 999 |
_c133635 _d133635 |
||